000 00965cam a2200253 a 4500
005 20131028092548.0
008 010425s2001 mdu b 001 0 eng
020 _a0742500225
020 _a0742500233
041 0 _aeng
080 _a327
_x(4)
100 1 _aGinsberg, Roy H.
245 1 4 _aThe European Union in international politics :
_cRoy H. Ginsberg ; foreword by Stuart E. Eizenstat.
260 _aLanham, Md. :
_bRowman & Littlefield Publishers,
_cc2001.
300 _axxi, 305 p. ;
_c24 cm.
440 0 _aNew international relations of Europe
500 _aPreface " f. XV - XVII
504 _aIncludes bibliographical references (p. 289-296) and index.
650 _aMarrëdhënie ndërkombëtare
650 _aLigji dhe legjilacioni
651 0 _aEuropean Union countries
_xMarrëdhënie ndërkombëtare
_xLigji dhe legjilacioni
856 4 2 _3Book review (H-Net)
_uhttp://www.h-net.org/review/hrev-a0c5r5-aa
942 _2udc
_cBK
999 _c174
_d174